The future of work : A guide to a changing society

שמור ב:
מידע ביבליוגרפי
מחבר ראשי: Handy, Charles
פורמט: ספר
שפה:Undetermined
יצא לאור: Oxford Basil Blackwell 1984
נושאים:
תגים: הוספת תג
אין תגיות, היה/י הראשונ/ה לתייג את הרשומה!
Thư viện lưu trữ: Trung tâm Học liệu Trường Đại học Cần Thơ
LEADER 00519nam a2200193Ia 4500
001 CTU_78400
008 210402s9999 xx 000 0 und d
082 |a 306 
082 |b H236 
100 |a Handy, Charles 
245 4 |a The future of work : 
245 2 |b A guide to a changing society 
245 0 |c Charles Handy 
260 |a Oxford 
260 |b Basil Blackwell 
260 |c 1984 
650 |a Machinnery in the workplace 
650 |z Great Britain 
980 |a Trung tâm Học liệu Trường Đại học Cần Thơ